|
|
|
|
| LEADER |
00000nlm0a2200000 4500 |
| 001 |
335863 |
| 005 |
20231102004809.0 |
| 035 |
|
|
|a (RuTPU)RU\TPU\book\362275
|
| 035 |
|
|
|a RU\TPU\book\356484
|
| 090 |
|
|
|a 335863
|
| 100 |
|
|
|a 20171004d2017 k y0rusy50 ca
|
| 101 |
0 |
|
|a rus
|
| 102 |
|
|
|a RU
|
| 105 |
|
|
|a a m 000zy
|
| 135 |
|
|
|a drcn ---uucaa
|
| 181 |
|
0 |
|a i
|
| 182 |
|
0 |
|a b
|
| 200 |
1 |
|
|a Влияние факторов мезозойско-кайнозойского климата на реконструкции геотермического режима нефтематеринских свит месторождений юго-востока и севера Западной Сибири
|b Электронный ресурс
|e диссертация на соискание ученой степени кандидата геолого-минералогических наук
|e спец. 25.00.16
|f А. А. Искоркина
|g Национальный исследовательский Томский политехнический университет (ТПУ) ; науч. рук. В. И. Исаев
|
| 203 |
|
|
|a Текст
|c электронный
|
| 210 |
|
|
|a Томск
|d 2017
|
| 215 |
|
|
|a 1 файл (3 303 KB)
|
| 230 |
|
|
|a Электронные текстовые данные (1 файл : 3 303 KB)
|
| 300 |
|
|
|a Заглавие с титульного экрана
|
| 300 |
|
|
|a Электронная версия печатной публикации
|
| 452 |
|
1 |
|0 (RuTPU)RU\TPU\book\359776
|t Влияние факторов мезозойско-кайнозойского климата на реконструкции геотермического режима нефтематеринских свит месторождений юго-востока и севера Западной Сибири
|o диссертация на соискание ученой степени кандидата геолого-минералогических наук
|o спец. 25.00.16
|f А. А. Искоркина
|g Национальный исследовательский Томский политехнический университет (ТПУ) ; науч. рук. В. И. Исаев
|c Томск
|n [Б. и.]
|d 2017
|p 119 л.
|a Искоркина, Альбина Альбертовна
|
| 606 |
1 |
|
|a Нефтегазовые месторождения
|x Геология
|y Западная Сибирь
|2 stltpush
|3 (RuTPU)RU\TPU\subj\69234
|9 84201
|
| 606 |
1 |
|
|a Палеоклиматология
|2 stltpush
|3 (RuTPU)RU\TPU\subj\47989
|9 66872
|
| 610 |
1 |
|
|a электронный ресурс
|
| 610 |
1 |
|
|a диссертации
|
| 610 |
1 |
|
|a труды учёных ТПУ
|
| 610 |
1 |
|
|a мезозойско-кайнозойский климат
|
| 610 |
1 |
|
|a реконструкции
|
| 610 |
1 |
|
|a геотермический режим
|
| 610 |
1 |
|
|a нефтематеринские отложения
|
| 610 |
1 |
|
|a Западная Сибирь
|
| 610 |
1 |
|
|a нефтегазоносные комплексы
|
| 610 |
1 |
|
|a углеводороды
|
| 610 |
1 |
|
|a сланцы
|
| 610 |
1 |
|
|a баженовская свита
|
| 610 |
1 |
|
|a нефтегазоносность
|
| 610 |
1 |
|
|a бассейновое моделирование
|
| 675 |
|
|
|a 553.98(571.1)(04)
|v 3
|
| 675 |
|
|
|a 551.583.7(04)
|v 3
|
| 686 |
|
|
|a 25.00.16
|2 oksvnk
|
| 700 |
|
1 |
|a Искоркина
|b А. А.
|c геолог
|c аспирант Томского политехнического университета
|f 1991-
|g Альбина Альбертовна
|2 stltpush
|3 (RuTPU)RU\TPU\pers\38860
|
| 702 |
|
1 |
|a Исаев
|b В. И.
|c геолог
|c профессор Томского политехнического университета, доктор геолого-минералогических наук
|f 1952-
|g Валерий Иванович
|2 stltpush
|3 (RuTPU)RU\TPU\pers\24786
|4 727
|
| 712 |
0 |
2 |
|a Национальный исследовательский Томский политехнический университет (ТПУ)
|b Институт природных ресурсов (ИПР)
|b Кафедра геофизики (ГЕОФ)
|h 254
|2 stltpush
|3 (RuTPU)RU\TPU\col\18667
|
| 801 |
|
2 |
|a RU
|b 63413507
|c 20171012
|g RCR
|
| 856 |
4 |
|
|u http://earchive.tpu.ru/handle/11683/43206
|
| 942 |
|
|
|c CF
|